00385 a2200109 4500001001000000005001700010008004100027245006800068100002200136700002500158773009200183ART_4508620260410162038.0260409a 10aHeterogeneidad y poder en las políticas públicas regionales1 aGarcía, Liliana1 aLampreabe, Florencia0 tRevista de estudios regionales y mercado de trabajog- Nº 5 (ene./dic. 2009)wREV44894